Taylor swift lyrics No Body No Crime!!!!!! - Statistics

General Stats
  • This quiz has been taken 9 times
  • The average score is 219 of 320
Answer Stats
Answer % Correct
A
100%
Did
100%
He
100%
I
100%
It
100%
No
100%
An
86%
Body
86%
But
86%
Crime
86%
Me
86%
My
86%
Of
86%
Think
86%
Cant
71%
Este
71%
Estes
71%
Every
71%
For
71%
Friend
71%
Glass
71%
In
71%
Just
71%
Mine
71%
Night
71%
Oh
71%
Prove
71%
She
71%
Sleep
71%
The
71%
Tuesday
71%
Up
71%
Was
71%
Wasnt
71%
We
71%
When
71%
Wine
71%
Aint
57%
Anywhere
57%
At
57%
Been
57%
Brand
57%
Day
57%
Died
57%
Dinner
57%
Garden
57%
Gonna
57%
Got
57%
Has
57%
Her
57%
His
57%
House
57%
Job
57%
Letting
57%
Losing
57%
Meet
57%
Missing
57%
Mistress
57%
New
57%
Olive
57%
Or
57%
Out
57%
Reports
57%
Some
57%
That
57%
Thinks
57%
Truck
57%
Untill
57%
Wife
57%
Account
43%
Acting
43%
And
43%
Bed
43%
Call
43%
Daddy
43%
Different
43%
Doubt
43%
Everything
43%
Get
43%
Good
43%
Him
43%
Husbands
43%
Im
43%
Infidelity
43%
Joint
43%
Know
43%
Like
43%
Made
43%
Merlot
43%
Mouth
43%
On
43%
Our
43%
Says
43%
Sleeps
43%
There
43%
Thing
43%
Tires
43%
To
43%
Big
29%
Boating
29%
Catch
29%
Cleaned
29%
Cover
29%
Dude
29%
Enough
29%
Fifteen
29%
How
29%
Insurance
29%
Ive
29%
Jewellery
29%
Life
29%
Moved
29%
Noticed
29%
Passed
29%
Policy
29%
Scene
29%
Sisters
29%
Swear
29%
They
29%
Took
29%
With
29%
Somebodys
14%
Sounds
14%
Gotta
0%
Licence
0%
No matching quizzes found
Score Distribution
Percent of People with Each Score
Percentile by Number Answered
Your Score History
You have not taken this quiz